| 000 | 01064cam a2200289 a 4500 | ||
|---|---|---|---|
| 001 | 000575699 | ||
| 003 | AM-YeHGA | ||
| 005 | 20250617141004.0 | ||
| 008 | 841031s1985 mauacf b 001 0 eng d | ||
| 020 | _a0674154207 (alk. paper) | ||
| 040 | _aAM-YeHGA | ||
| 041 | 1 |
_aeng _hger |
|
| 100 | 1 |
_aFreud, Sigmund, _d1856-1939. |
|
| 240 | 1 | 0 |
_aCorrespondence. _lEnglish. _kSelections |
| 245 | 1 | 4 |
_aThe complete letters of Sigmund Freud to Wilhelm Fliess, 1887-1904 / _cTransl. and ed. by Jeffrey Moussaieff Masson. |
| 260 |
_aCambridge, Mass. : _bBelknap Press of Harvard University Press, _c1985. |
||
| 300 |
_axv, 505 p. : _b[20] p. of plates : ill., ports. ; _c24 cm. |
||
| 500 | _aIncludes index. | ||
| 504 | _aBibliogr.: p. [483]-492. | ||
| 600 | 1 | 0 |
_aFreud, Sigmund, _d1856-1939 _xCorrespondence. |
| 600 | 1 | 0 |
_aFliess, Wilhelm, _d1858-1928 _xCorrespondence. |
| 650 | 0 |
_aPsychoanalysts _xCorrespondence. |
|
| 650 | 0 | _aPsychoanalysis. | |
| 700 | 1 |
_aMasson, Jeffrey Moussaieff, _d1941- _4trl _4edt |
|
| 700 | 1 |
_aFliess, Wilhelm, _d1858-1928. |
|
| 090 | _c231981 | ||
| 999 |
_c230427 _d230427 |
||